Yellow pages : Christchurch 1999.
| Format: | Book |
|---|---|
| Published: |
Christchurch:
Telecom New Zealand,
1999.
|
| Subjects: |
| LEADER | 00424cam a2200133 7i4500 | ||
|---|---|---|---|
| 001 | 0000007420 | ||
| 005 | 20091009090000.0 | ||
| 090 | 0 | 0 | |a NZ 910.259383 |b YEL |
| 245 | 0 | 0 | |a Yellow pages : |b Christchurch 1999. |
| 260 | 0 | 0 | |a Christchurch: |b Telecom New Zealand, |c 1999. |
| 300 | # | # | |a 1203 p. |
| 650 | 0 | 0 | |a Yellow pages -- |x Directories -- |z New Zealand |
| 651 | 0 | 0 | |a New Zealand |
| 999 | |a 0000011171 |b Directories |c Countries |e Business Information Centre | ||